000
00345cam a2200145ua 4500
041
_a
eng
_h
082
_a
828
_b
BET/HO
100
_a
Bethers, Ray .
245
_a
How does it grow /
_c
Ray Bethers.
_h
Textual Documents
260
_a
London :
_b
McMillon & Co Ltd ,
_c
1963.
300
_a
48 ; .
504
_a
942
_c
BK
999
_c
6287
_d
6287